|
|
|
|
| LEADER |
00000nab a2200000 a 4500 |
| 001 |
vtls008421739 |
| 003 |
SK-MaSNL |
| 005 |
20260303074213.0 |
| 008 |
060103c20060102xo mr| 0 0slo |
| 038 |
|
|
|a RVGKPD
|
| 040 |
|
|
|a RVGKPD
|b slo
|c RVGKPD
|e AACR2
|
| 041 |
0 |
|
|a slo
|
| 044 |
|
|
|a xo
|c SK
|
| 080 |
|
|
|a 398.332.42
|2 UDC-MRF-SK2
|
| 245 |
0 |
0 |
|a "Parádny" ohňostroj sprevádzalo ochkanie a výkriky
|b na veľkoplošnej obrazovke videli to najdôležitejšie z minulého roka
|c [autor] (zur)
|
| 300 |
|
|
|b Fotogr.
|
| 650 |
0 |
7 |
|a Silvester
|2 rvgkpd
|9 29911
|
| 651 |
|
7 |
|a Rožňava (Slovensko)
|2 rvgkpd
|9 17394
|
| 773 |
0 |
|
|t Korzár : Gemerský denník
|g Roč. VII [VIII], č. 1 (2.1.2006), s. 2
|x 1335-7581
|
| 852 |
|
|
|a RVGKPD
|b KIS3G
|
| 992 |
|
|
|a RBX
|
| 999 |
|
|
|c 1770721
|d 1772651
|